ბათუმის შოთა რუსთაველის სახელმწიფო უნივერსიტეტის ბიბლიოთეკა

Международное гуманитарное право : (ბიბ.ჩანაწერი № 56786)

000 -LEADER
fixed length control field 01421cam a2200253 i 4500
001 - CONTROL NUMBER
control field 003141875
005 - DATE AND TIME OF LATEST TRANSACTION
control field 20190422201321.0
008 - FIXED-LENGTH DATA ELEMENTS--GENERAL INFORMATION
fixed length control field 070703s2006 ru 000 | rus|d
020 ## - INTERNATIONAL STANDARD BOOK NUMBER
International Standard Book Number 5902416108
040 ## - CATALOGING SOURCE
Original cataloging agency RuMoRKP
Language of cataloging rus
Modifying agency RuMoRGB
041 0# - LANGUAGE CODE
Language code of text/sound track or separate title rus
080 ## - UNIVERSAL DECIMAL CLASSIFICATION NUMBER
Universal Decimal Classification number 341(075.8)
084 ## - OTHER CLASSIFICATION NUMBER
Classification number Х919.151я73-1
Number source rubbk
100 1# - MAIN ENTRY--PERSONAL NAME
Personal name Батырь, Вячеслав Анатольевич
9 (RLIN) 359
245 00 - TITLE STATEMENT
Title Международное гуманитарное право :
Remainder of title учебник /
Statement of responsibility, etc. В. А. Батырь ; Междунар. юридический ин-т при М-ве юстиции Российской Федерации
260 ## - PUBLICATION, DISTRIBUTION, ETC.
Place of publication, distribution, etc. Москва :
Name of publisher, distributor, etc. Междунар. юридический ин-т при Минюсте России,
Date of publication, distribution, etc. 2006.
300 ## - PHYSICAL DESCRIPTION
Extent 319 с. :
Other physical details ил., табл. ;
Dimensions 20 см.
504 ## - BIBLIOGRAPHY, ETC. NOTE
Bibliography, etc. note Библиогр.: с. 244-263
650 #7 - SUBJECT ADDED ENTRY--TOPICAL TERM
Topical term or geographic name entry element Государство и право. Юридические науки -- Международное публичное право -- Война и международное право -- Защита жертв войны -- Учебник для высшей школы
Source of heading or term rubbk
9 (RLIN) 360
653 ## - INDEX TERM--UNCONTROLLED
keyword სამართალი
653 ## - INDEX TERM--UNCONTROLLED
keyword საერთაშორისო ჰუმანიტარული სამართალი
852 ## - LOCATION
Former shelving location 90
942 ## - ADDED ENTRY ELEMENTS (KOHA)
Source of classification or shelving scheme
Koha item type წიგნი
ეგზემპლარები
Withdrawn status Lost status Source of classification or shelving scheme Damaged status Not for loan Permanent Location Current Location Shelving location Date acquired Cost, normal purchase price Full call number Barcode Date last seen Price effective from Koha item type Public note
          ბათუმის შოთა რუსთაველის სახელმწიფო უნივერსიტეტის მთავარი ბიბლიოთეკა ბათუმის შოთა რუსთაველის სახელმწიფო უნივერსიტეტის მთავარი ბიბლიოთეკა წიგნსაცავი 2019-04-22 8.00 341(075.8) 3830 2019-04-22 2019-04-22 წიგნი 8 ლ.